| 000 -LEADER | |
|---|---|
| fixed length control field | 00464nam a22001577a 4500 |
| 005 - DATE AND TIME OF LATEST TRANSACTION | |
| control field | 20240109104042.0 |
| 008 - FIXED-LENGTH DATA ELEMENTS--GENERAL INFORMATION | |
| fixed length control field | 190527b xxu||||| |||| 00| 0 eng d |
| 020 ## - INTERNATIONAL STANDARD BOOK NUMBER | |
| ISBN | 978-93-86084-85-9 |
| 041 ## - LANGUAGE CODE | |
| Language code of text/sound track or separate title | eng |
| 100 ## - MAIN ENTRY--AUTHOR NAME | |
| Personal name | KHADE, MR. PRASHANT. H. , KAKDE,SUJIT S.,MORE, SMITA ,D. AND CHAULANG,GANESH M. |
| 245 ## - TITLE STATEMENT | |
| Title | A BOOK OF PHYSICAL PHARMACEUTICAL- I (SEM-III) |
| 250 ## - EDITION STATEMENT | |
| Edition statement | 2nd, Ed.2018 |
| 260 ## - PUBLICATION, DISTRIBUTION, ETC. (IMPRINT) | |
| Place of publication | PUNE |
| Name of publisher | NIRALI PRAKASHAN |
| 300 ## - PHYSICAL DESCRIPTION | |
| Number of Pages | 6.8p, |
| 942 ## - ADDED ENTRY ELEMENTS (KOHA) | |
| Koha item type | Books |
| Lost status | Damaged status | Collection code | Home library | Current library | Shelving location | Date acquired | Source of acquisition | Cost, normal purchase price | Accession Number | Koha item type |
|---|---|---|---|---|---|---|---|---|---|---|
| PHARMACY | JRU Library | JRU Library | SHELF - 16 - H | 27/05/2019 | PURCHESS | 125.00 | 22762 | Books | ||
| PHARMACY | JRU Library | JRU Library | Shelf - 23- D | 27/05/2019 | PURCHESS | 125.00 | 22763 | Books | ||
| Reference | JRU Library | JRU Library | SHELF 9 - C | 27/05/2019 | PURCHESS | 125.00 | 22764 | Books |